[Event "CAN-ch U20 2000"]
[Site "Montreal CAN"]
[Date "2000.05.03"]
[Round "1"]
[White "Masse, Hugues"]
[Black "Charbonneau, Pascal"]
[Result "0-1"]
[WhiteElo "2042"]
[BlackElo "2379"]
[PlyCount "70"]
[GameId "2160767911716175"]
[EventDate "2000.05.03"]
[EventType "swiss"]
[EventRounds "8"]
[EventCountry "CAN"]

1. e4 c5 2. f4 g6 3. Nf3 Bg7 4. c3 d5 5. e5 Nc6 6. d4 cxd4 7. Nxd4 f6 8. Bb5 Qc7 9. Qe2 a6 10. Ba4 fxe5 11. Nxc6 bxc6 12. fxe5 a5 13. Bf4 e6 14. Nd2 Ne7 15. Nf3 O-O 16. Qd2 c5 17. O-O-O d4 18. cxd4 Nd5 19. Bh6 Bxh6 20. Qxh6 Rb8 21. Bc2 cxd4 22. Nxd4 Nb4 23. Rhf1 Rd8 24. Kb1 Nxc2 25. Nxc2 Ba6 26. Rxd8+ Rxd8 27. Rc1 Bd3 28. Qe3 Qc4 29. Qd2 Rc8 30. Qc3 Qa6 31. Qd2 a4 32. a3 Qc4 33. Qc3 Kg7 34. Ka1 Bxc2 35. Rxc2 Qf1+ 0-1

[Event "CAN-ch U20 2000"]
[Site "Montreal CAN"]
[Date "2000.05.04"]
[Round "2"]
[White "Charbonneau, Pascal"]
[Black "Roussel-Roozmon, Thomas"]
[Result "1/2-1/2"]
[WhiteElo "2379"]
[BlackElo "2088"]
[PlyCount "48"]
[GameId "2160767911716186"]
[EventDate "2000.05.03"]
[EventType "swiss"]
[EventRounds "8"]
[EventCountry "CAN"]

1. e4 c6 2. d4 d5 3. exd5 cxd5 4. c4 Nf6 5. Nc3 Nc6 6. Bg5 e6 7. Nf3 Be7 8. Bd3 O-O 9. O-O dxc4 10. Bxc4 b6 11. a3 Bb7 12. Ba2 Nd5 13. Be3 Rc8 14. Nxd5 exd5 15. b4 Bf6 16. Re1 Re8 17. Qd3 Ne7 18. Bg5 Bxg5 19. Nxg5 Ng6 20. h4 Qf6 21. g3 Nf8 22. Nf3 Qg6 23. Qd1 Rxe1+ 24. Qxe1 Qd3 1/2-1/2

[Event "CAN-ch U20 2000"]
[Site "Montreal CAN"]
[Date "2000.05.04"]
[Round "3"]
[White "Buscar, Michael"]
[Black "Charbonneau, Pascal"]
[Result "0-1"]
[WhiteElo "2081"]
[BlackElo "2379"]
[PlyCount "80"]
[GameId "2160767911716205"]
[EventDate "2000.05.03"]
[EventType "swiss"]
[EventRounds "8"]
[EventCountry "CAN"]

1. d4 d5 2. c4 dxc4 3. Nf3 Nf6 4. e3 e6 5. Bxc4 c5 6. O-O Nc6 7. Nc3 a6 8. a4 Qc7 9. Qe2 Bd6 10. h3 O-O 11. Rd1 b6 12. dxc5 Bxc5 13. e4 Nd7 14. Bb3 Bb7 15. Be3 Bxe3 16. Qxe3 Nc5 17. Bc2 Nb4 18. Rac1 Nxc2 19. Rxc2 Nxe4 20. Rdc1 Qc5 21. Nxe4 Qxe3 22. Nf6+ gxf6 23. fxe3 Rac8 24. Rc7 Rxc7 25. Rxc7 Bd5 26. Nd4 f5 27. Rd7 Be4 28. Rd6 Rb8 29. Nc6 Bxc6 30. Rxc6 a5 31. Kf2 b5 32. Kf3 bxa4 33. Rc2 Kg7 34. Ke2 Rb3 35. Kd2 Kf6 36. h4 Rb4 37. g3 Rg4 38. Rc5 Rxg3 39. Rxa5 Rg4 40. h5 Kg5 0-1

[Event "CAN-ch U20 2000"]
[Site "Montreal CAN"]
[Date "2000.05.05"]
[Round "4"]
[White "Gushuliak, Justin"]
[Black "Charbonneau, Pascal"]
[Result "1/2-1/2"]
[WhiteElo "2097"]
[BlackElo "2379"]
[PlyCount "78"]
[GameId "2160767911716226"]
[EventDate "2000.05.03"]
[EventType "swiss"]
[EventRounds "8"]
[EventCountry "CAN"]

1. e4 c5 2. c3 Nf6 3. e5 Nd5 4. Nf3 Nc6 5. Bc4 Nb6 6. Bb3 d5 7. exd6 c4 8. Bc2 Qxd6 9. d4 cxd3 10. Qxd3 Qxd3 11. Bxd3 Bg4 12. Nbd2 e5 13. O-O Bd6 14. h3 Bh5 15. Re1 O-O 16. b3 f5 17. Nc4 Nxc4 18. Bxc4+ Kh8 19. Ng5 h6 20. g4 hxg5 21. gxh5 Be7 22. Bd5 Bf6 23. Ba3 Rfd8 24. Bxc6 bxc6 25. Rad1 e4 26. c4 Kh7 27. Bc5 a6 28. Bb6 Re8 29. Rd7 Rac8 30. Red1 f4 31. R1d6 Be5 32. Rg6 c5 33. Ba5 Bd4 34. b4 e3 35. fxe3 Rxe3 36. bxc5 Rd3+ 37. Kf1 f3 38. Rgxg7+ Bxg7 39. Rxd3 Rxc5 1/2-1/2

[Event "CAN-ch U20 2000"]
[Site "Montreal CAN"]
[Date "2000.05.05"]
[Round "5"]
[White "Charbonneau, Pascal"]
[Black "Cormos, Eugene"]
[Result "1-0"]
[WhiteElo "2379"]
[BlackElo "2069"]
[PlyCount "77"]
[GameId "2160767911724437"]
[EventDate "2000.05.03"]
[EventType "swiss"]
[EventRounds "8"]
[EventCountry "CAN"]

1. e4 e5 2. Nf3 Nc6 3. d4 exd4 4. Nxd4 Bc5 5. Be3 Qf6 6. c3 Nge7 7. Bc4 O-O 8. O-O Ne5 9. Be2 Qg6 10. Nd2 d5 11. Bh5 Qd6 12. f4 N5c6 13. e5 Qd7 14. N2b3 Bxd4 15. Nxd4 Nxd4 16. Bxd4 b6 17. f5 c5 18. e6 fxe6 19. Bxg7 Rxf5 20. Qg4 Ng6 21. Bxg6 hxg6 22. Be5 Qh7 23. Rxf5 exf5 24. Qg5 Bd7 25. Re1 Re8 26. Re3 Qf7 27. h4 f4 28. Qh6 Qh7 29. Qxf4 Rf8 30. Qg5 Rf5 31. Qg3 Qh5 32. Bd6 Bb5 33. Bf4 Qh7 34. Bg5 Qf7 35. h5 Rf1+ 36. Kh2 Qh7 37. h6 Qf7 38. Re7 Qf5 39. h7+ 1-0

[Event "CAN-ch U20 2000"]
[Site "Montreal CAN"]
[Date "2000.05.06"]
[Round "6"]
[White "Charbonneau, Pascal"]
[Black "Glinert, Stephen"]
[Result "1-0"]
[WhiteElo "2379"]
[BlackElo "2345"]
[PlyCount "157"]
[GameId "2160767911724454"]
[EventDate "2000.05.03"]
[EventType "swiss"]
[EventRounds "8"]
[EventCountry "CAN"]

1. e4 d6 2. d4 Nf6 3. Nc3 g6 4. Be3 Bg7 5. Qd2 c6 6. Bd3 Qa5 7. h3 b5 8. Nf3 Nbd7 9. O-O O-O 10. a4 b4 11. Ne2 c5 12. c3 Bb7 13. d5 bxc3 14. Nxc3 Rfc8 15. Qe2 e6 16. dxe6 fxe6 17. Bf4 Bf8 18. Bc4 Re8 19. e5 Nh5 20. Bh2 d5 21. Bd3 Be7 22. Nb5 Ba6 23. b4 cxb4 24. Nfd4 Bc5 25. Nb3 Qd8 26. Qd2 Bxb5 27. Bxb5 Be7 28. Nd4 Ng7 29. Rfc1 a6 30. Bc6 Rb8 31. Rab1 Rf8 32. Bxd5 exd5 33. Nc6 Qe8 34. e6 Nxe6 35. Qxd5 Bg5 36. Nxb8 Nxb8 37. Re1 Qf7 38. Qxe6 Bd2 39. Qxf7+ Kxf7 40. Red1 Bc3 41. Rd3 Nc6 42. Rd7+ Kg8 43. Bd6 Rf7 44. Rc7 Rxc7 45. Bxc7 Kf7 46. Kf1 Ke6 47. Ke2 Kd5 48. Kd3 Nd4 49. g3 Ne6 50. Bb6 Ng5 51. Ba5 Kc5 52. Bd8 Nxh3 53. Be7+ Kd5 54. Bxb4 Bxb4 55. Rxb4 Nxf2+ 56. Ke3 Nd1+ 57. Ke2 Nc3+ 58. Kd3 Nd1 59. Rb6 Nf2+ 60. Ke3 Ne4 61. Kf4 g5+ 62. Kf3 Nc5 63. a5 h5 64. Rh6 h4 65. g4 Ke5 66. Rg6 Ne6 67. Ke3 Kd5 68. Rf6 Ke5 69. Rf5+ Kd6 70. Kd3 Nc5+ 71. Kd4 Ne6+ 72. Ke3 Kc6 73. Ke4 Kd6 74. Rf6 Ke7 75. Ke5 Nc5 76. Rc6 Nd3+ 77. Kf5 h3 78. Rxa6 Nf2 79. Rh6 1-0

[Event "CAN-ch U20 2000"]
[Site "Montreal CAN"]
[Date "2000.05.06"]
[Round "7"]
[White "Goldenberg, Danny"]
[Black "Charbonneau, Pascal"]
[Result "1-0"]
[WhiteElo "2321"]
[BlackElo "2379"]
[PlyCount "75"]
[GameId "2160767911724474"]
[EventDate "2000.05.03"]
[EventType "swiss"]
[EventRounds "8"]
[EventCountry "CAN"]

1. e4 c5 2. Nf3 e6 3. d4 cxd4 4. Nxd4 Nc6 5. Be3 Nf6 6. Nc3 Bb4 7. Bd3 d5 8. Nxc6 bxc6 9. e5 d4 10. exf6 dxc3 11. O-O Qxf6 12. Be4 O-O 13. b3 e5 14. a3 Ba5 15. b4 Bb6 16. Qd3 Bd4 17. Bxd4 exd4 18. b5 Bd7 19. Rfd1 Rad8 20. Qxd4 Qxd4 21. Rxd4 c5 22. Rd5 Bxb5 23. Rxc5 Rd4 24. Bf3 Bc4 25. Rd1 Rxd1+ 26. Bxd1 Re8 27. h3 Ba6 28. Bg4 h5 29. Bxh5 Rc8 30. Rxc8+ Bxc8 31. f4 Bf5 32. Bd1 f6 33. Kf2 Be4 34. g3 Bf5 35. h4 g5 36. hxg5 fxg5 37. fxg5 Kg7 38. Ke3 1-0

[Event "CAN-ch U20 2000"]
[Site "Montreal CAN"]
[Date "2000.05.07"]
[Round "8"]
[White "Charbonneau, Pascal"]
[Black "Egorov, Mikhail"]
[Result "1-0"]
[WhiteElo "2379"]
[BlackElo "1962"]
[PlyCount "49"]
[GameId "2160767911724493"]
[EventDate "2000.05.03"]
[EventType "swiss"]
[EventRounds "8"]
[EventCountry "CAN"]

1. e4 e5 2. Nf3 Nc6 3. d4 exd4 4. Nxd4 Bc5 5. Be3 Qf6 6. c3 Nge7 7. Bc4 Bb6 8. O-O O-O 9. Nc2 d6 10. f4 Rd8 11. Bd3 Qh6 12. Qf3 d5 13. e5 f6 14. Nd4 fxe5 15. fxe5 Nxe5 16. Qg3 Qh5 17. Bg5 N5c6 18. Kh1 Bxd4 19. cxd4 Qg4 20. Qe3 Re8 21. Nc3 Qxd4 22. Qf3 Bg4 23. Qg3 Bh5 24. Nb5 Qxb2 25. Bf6 1-0

[Event "Laval XVII"]
[Site "Laval CAN"]
[Date "2000.04.15"]
[Round "2"]
[White "Charbonneau, Pascal"]
[Black "Beaudoin, Stephane"]
[Result "1-0"]
[WhiteElo "2359"]
[BlackElo "2053"]
[PlyCount "71"]
[GameId "2160767911724663"]
[EventDate "2000.04.14"]
[EventType "swiss"]
[EventRounds "5"]
[EventCountry "CAN"]

1. e4 g6 2. d4 Bg7 3. Nc3 d6 4. Be3 c6 5. Qd2 b5 6. Bd3 a6 7. a4 b4 8. Nce2 a5 9. c3 bxc3 10. bxc3 Nf6 11. Nf3 Nbd7 12. Bh6 O-O 13. Ng3 e5 14. Bxg7 Kxg7 15. Qg5 Kh8 16. dxe5 dxe5 17. Nxe5 Nxe5 18. Qxe5 Re8 19. Qd4 Qe7 20. O-O Rd8 21. Qe3 Ng4 22. Qe2 Qh4 23. h3 Ne5 24. Rfd1 Be6 25. Qe3 Bb3 26. Rd2 Rd7 27. Be2 Rxd2 28. Qxd2 Rd8 29. Qe3 Qe7 30. Kh2 c5 31. f4 Nc4 32. Bxc4 Bxc4 33. e5 Rd3 34. Qf2 Ba6 35. Ne4 c4 36. Nc5 1-0

[Event "Mauricie op"]
[Site "Trois-Rivieres CAN"]
[Date "2000.03.17"]
[Round "1"]
[White "Angers, Gilles"]
[Black "Charbonneau, Pascal"]
[Result "0-1"]
[WhiteElo "2072"]
[BlackElo "2358"]
[PlyCount "66"]
[GameId "2160767911732916"]
[EventDate "2000.03.17"]
[EventType "swiss"]
[EventRounds "5"]
[EventCountry "CAN"]

1. e4 c5 2. Nc3 a6 3. g3 b5 4. Bg2 Bb7 5. Nh3 e6 6. O-O Be7 7. d3 d5 8. exd5 exd5 9. Nf4 Nf6 10. Re1 Ra7 11. Nh5 O-O 12. Bg5 Nbd7 13. Qe2 h6 14. Qxe7 hxg5 15. Nxf6+ Nxf6 16. Qxc5 Ra8 17. Qd4 Rb8 18. Re5 b4 19. Nd1 Nd7 20. Re2 Qb6 21. Qg4 Nf6 22. Qxg5 d4 23. f3 Rfe8 24. Rxe8+ Rxe8 25. Qd2 Nd5 26. Nf2 Ne3 27. Re1 Rc8 28. c3 bxc3 29. bxc3 dxc3 30. Qc1 c2 31. Ne4 Bxe4 32. fxe4 Nd1+ 33. Kh1 Nf2+ 0-1

[Event "Mauricie op"]
[Site "Trois-Rivieres CAN"]
[Date "2000.03.18"]
[Round "2"]
[White "Charbonneau, Pascal"]
[Black "Belanger, Jacques"]
[Result "1-0"]
[WhiteElo "2358"]
[BlackElo "2013"]
[PlyCount "51"]
[GameId "2160767911732920"]
[EventDate "2000.03.17"]
[EventType "swiss"]
[EventRounds "5"]
[EventCountry "CAN"]

1. e4 c5 2. Nf3 Nc6 3. c3 d5 4. exd5 Qxd5 5. d4 Bg4 6. Be2 cxd4 7. cxd4 e6 8. Nc3 Qa5 9. O-O Nf6 10. Be3 Be7 11. a3 O-O 12. Qb3 Qc7 13. h3 Bh5 14. Rac1 Rac8 15. d5 exd5 16. Nxd5 Nxd5 17. Qxd5 Bxf3 18. Bxf3 Bf6 19. b4 a6 20. a4 Qe5 21. Qxe5 Bxe5 22. Rc4 Bd6 23. Rd1 Rfd8 24. Bb6 Bc7 25. Rxd8+ Nxd8 26. Rxc7 1-0

[Event "Mauricie op"]
[Site "Trois-Rivieres CAN"]
[Date "2000.03.18"]
[Round "3"]
[White "St Amand, Paul Jr"]
[Black "Charbonneau, Pascal"]
[Result "0-1"]
[WhiteElo "2167"]
[BlackElo "2358"]
[PlyCount "88"]
[GameId "2160767911732927"]
[EventDate "2000.03.17"]
[EventType "swiss"]
[EventRounds "5"]
[EventCountry "CAN"]

1. e4 c5 2. c3 Nf6 3. e5 Nd5 4. g3 Nc6 5. Bg2 e6 6. Nf3 d6 7. exd6 Qxd6 8. O-O Be7 9. Qe2 O-O 10. d3 b6 11. Na3 Bb7 12. Nc4 Qc7 13. Re1 Rfe8 14. Bd2 Rad8 15. Rad1 Bf8 16. Bg5 f6 17. Bc1 e5 18. Ne3 Nxe3 19. Bxe3 Qf7 20. a3 Nd4 21. cxd4 exd4 22. Nh4 dxe3 23. fxe3 Ba6 24. Qc2 g6 25. Bf3 Bh6 26. Ng2 Qd7 27. Qb3+ Kg7 28. d4 cxd4 29. exd4 Rxe1+ 30. Nxe1 Re8 31. Ng2 Qf5 32. g4 Qd7 33. d5 Qd6 34. Qa4 Qc5+ 35. Qd4 Re1+ 36. Nxe1 Be3+ 37. Qxe3 Qxe3+ 38. Kg2 Be2 39. Rb1 Qd2 40. Bxe2 Qxe2+ 41. Kg3 Qe5+ 42. Kf2 Qd4+ 43. Kg3 Qe5+ 44. Kg2 Qxd5+ 0-1

[Event "Mauricie op"]
[Site "Trois-Rivieres CAN"]
[Date "2000.03.19"]
[Round "4"]
[White "Charbonneau, Pascal"]
[Black "Goldenberg, Danny"]
[Result "1/2-1/2"]
[WhiteElo "2358"]
[BlackElo "2300"]
[PlyCount "82"]
[GameId "2160767911732929"]
[EventDate "2000.03.17"]
[EventType "swiss"]
[EventRounds "5"]
[EventCountry "CAN"]

1. e4 c5 2. Nf3 Nc6 3. d4 cxd4 4. Nxd4 e5 5. Nb5 d6 6. N1c3 a6 7. Na3 b5 8. Nd5 Nge7 9. c4 Nd4 10. Be3 Nxd5 11. cxd5 f5 12. Bd3 Be7 13. O-O O-O 14. Bxd4 exd4 15. Nc2 Qb6 16. exf5 Bf6 17. Qd2 Bb7 18. Be4 Rae8 19. Rfe1 Qc5 20. Nb4 a5 21. Nd3 Qa7 22. Qf4 Be5 23. Qf3 g6 24. Nxe5 Rxe5 25. Qg3 Bxd5 26. Bxd5+ Rxd5 27. fxg6 d3 28. gxh7+ Kh8 29. Re4 Rg5 30. Qe3 Qg7 31. g3 Qxb2 32. Rd1 Rc5 33. Rxd3 Rc1+ 34. Kg2 Rxf2+ 35. Qxf2 Rc2 36. Rf3 Rxf2+ 37. Rxf2 Qg7 38. Ref4 Qb7+ 39. Kh3 Qd5 40. Rf5 Qe6 41. Kh4 Kxh7 1/2-1/2

[Event "Quebec-ch U18"]
[Site "Montreal CAN"]
[Date "2000.03.02"]
[Round "1"]
[White "Falardeau, Bruno"]
[Black "Charbonneau, Pascal"]
[Result "0-1"]
[WhiteElo "1808"]
[BlackElo "2355"]
[PlyCount "66"]
[GameId "2160767911733043"]
[EventDate "2000.03.02"]
[EventType "tourn"]
[EventRounds "7"]
[EventCountry "CAN"]

1. e4 c5 2. Nc3 a6 3. f4 b5 4. Nf3 Bb7 5. d3 e6 6. e5 d6 7. exd6 Nf6 8. Be2 Bxd6 9. O-O O-O 10. Ng5 Nc6 11. Nge4 Nd4 12. Bf3 Nxf3+ 13. Qxf3 Rb8 14. Nxf6+ Qxf6 15. Ne4 Qd4+ 16. Qe3 Be7 17. c3 Qd5 18. Qg3 f5 19. Ng5 h6 20. Nf3 Qxd3 21. Ne5 Qxg3 22. hxg3 Rfd8 23. Be3 Rd5 24. a4 Bf6 25. axb5 axb5 26. Rfd1 Bxe5 27. fxe5 Rbd8 28. Rxd5 Rxd5 29. Ra7 Rd1+ 30. Kh2 Bd5 31. Bxc5 Rd2 32. b4 Rxg2+ 33. Kh3 g5 0-1

[Event "Quebec-ch U18"]
[Site "Montreal CAN"]
[Date "2000.03.02"]
[Round "2"]
[White "Charbonneau, Pascal"]
[Black "Cardin, Guillaume"]
[Result "1-0"]
[WhiteElo "2355"]
[BlackElo "1793"]
[PlyCount "55"]
[GameId "2160767911733046"]
[EventDate "2000.03.02"]
[EventType "tourn"]
[EventRounds "7"]
[EventCountry "CAN"]

1. e4 c5 2. Nf3 e6 3. c3 Nf6 4. e5 Nd5 5. d4 cxd4 6. cxd4 b6 7. Nc3 Nxc3 8. bxc3 Qc7 9. Be2 Qxc3+ 10. Bd2 Qc7 11. Rc1 Qd8 12. Bg5 Be7 13. Bxe7 Kxe7 14. Qd2 h6 15. Qb4+ Ke8 16. d5 exd5 17. Nd4 Nc6 18. Nxc6 dxc6 19. Rxc6 Qe7 20. Qc3 Bd7 21. Rc7 Qe6 22. Ba6 b5 23. Bb7 b4 24. Qd4 Rb8 25. Bxd5 Qe7 26. Bc6 Rd8 27. O-O a5 28. Rxd7 1-0

[Event "Quebec-ch U18"]
[Site "Montreal CAN"]
[Date "2000.03.03"]
[Round "3"]
[White "Desmarais, Emmanuel"]
[Black "Charbonneau, Pascal"]
[Result "0-1"]
[WhiteElo "1901"]
[BlackElo "2355"]
[PlyCount "98"]
[GameId "2160767911733050"]
[EventDate "2000.03.02"]
[EventType "tourn"]
[EventRounds "7"]
[EventCountry "CAN"]

1. e4 c5 2. Nc3 a6 3. g3 b5 4. Bg2 Bb7 5. d3 e6 6. f4 d5 7. exd5 Nf6 8. Qe2 Nxd5 9. Nf3 Be7 10. O-O O-O 11. Bd2 Nc6 12. a3 Rc8 13. Nxd5 Qxd5 14. Be3 Rfd8 15. Ng5 Nd4 16. Bxd5 Nxe2+ 17. Kf2 Bxd5 18. Kxe2 c4 19. d4 c3 20. b3 f6 21. Nf3 Be4 22. Rfc1 Bd6 23. Ne1 Bc7 24. Nd3 Bxd3+ 25. cxd3 Bb6 26. Rc2 a5 27. b4 axb4 28. axb4 Bxd4 29. Bxd4 Rxd4 30. Rb1 h6 31. Rb3 Kf7 32. Ke3 e5 33. Rbxc3 Rxc3 34. Rxc3 Rxb4 35. f5 h5 36. Rc7+ Kg8 37. Rb7 Rb2 38. h3 b4 39. g4 h4 40. g5 fxg5 41. Kf3 b3 42. Kg4 Rg2+ 43. Kh5 g4 44. Kxh4 gxh3 45. Kxh3 Rb2 46. Kg3 Rb1 47. Kf2 b2 48. Kg2 Kf8 49. Kh2 Ke8 0-1

[Event "Quebec-ch U18"]
[Site "Montreal CAN"]
[Date "2000.03.03"]
[Round "4"]
[White "Charbonneau, Pascal"]
[Black "Masse, Hugues"]
[Result "1-0"]
[WhiteElo "2355"]
[BlackElo "1880"]
[PlyCount "85"]
[GameId "2160767911733054"]
[EventDate "2000.03.02"]
[EventType "tourn"]
[EventRounds "7"]
[EventCountry "CAN"]

1. e4 e5 2. Nf3 Nc6 3. d4 exd4 4. Nxd4 Bc5 5. Be3 Qf6 6. c3 Nge7 7. Bc4 O-O 8. O-O Ne5 9. Be2 Qg6 10. Nd2 d5 11. Bh5 Qb6 12. b4 Bxd4 13. Bxd4 Qe6 14. f4 N5c6 15. f5 Qd7 16. f6 Ng6 17. fxg7 Re8 18. Bf6 dxe4 19. b5 Nd8 20. Qe2 Qd3 21. Rae1 Qxe2 22. Rxe2 Bd7 23. c4 e3 24. Bxg6 fxg6 25. Nf3 Bf5 26. Rfe1 Ne6 27. Rxe3 Nxg7 28. Bxg7 Rxe3 29. Rxe3 Kxg7 30. Re7+ Kh6 31. Rxc7 Be4 32. Nd2 Re8 33. Nxe4 Rxe4 34. Rxb7 Rxc4 35. Rxa7 Rc1+ 36. Kf2 Rc2+ 37. Kf3 Rc3+ 38. Ke4 Rc2 39. b6 Rxg2 40. Ra3 Rxh2 41. b7 Re2+ 42. Kf3 Re8 43. Ra8 1-0

[Event "Quebec-ch U18"]
[Site "Montreal CAN"]
[Date "2000.03.04"]
[Round "5"]
[White "Tessier, Olivier"]
[Black "Charbonneau, Pascal"]
[Result "0-1"]
[WhiteElo "1973"]
[BlackElo "2355"]
[PlyCount "62"]
[GameId "2160767911733060"]
[EventDate "2000.03.02"]
[EventType "tourn"]
[EventRounds "7"]
[EventCountry "CAN"]

1. e4 c5 2. Nf3 Nc6 3. Nc3 e6 4. d4 cxd4 5. Nxd4 Qc7 6. g3 a6 7. Bg2 Nf6 8. O-O Bc5 9. Be3 Ne5 10. Bf4 d6 11. b3 b5 12. Bc1 Bb7 13. a3 O-O 14. Bb2 Rfd8 15. b4 Bb6 16. Re1 Nc4 17. Bc1 d5 18. e5 Ne4 19. Nxe4 dxe4 20. c3 Qxe5 21. Bf4 Qf6 22. Qg4 Bxd4 23. cxd4 Rxd4 24. h4 Ne5 25. Qh5 Nd3 26. Be3 Rd5 27. Qg4 Nxe1 28. Rxe1 Qf5 29. Qe2 Rd3 30. Qb2 Rad8 31. Kh1 Qf6 0-1

[Event "Quebec-ch U18"]
[Site "Montreal CAN"]
[Date "2000.03.04"]
[Round "6"]
[White "Charbonneau, Pascal"]
[Black "Moskvitch, Andrei"]
[Result "1/2-1/2"]
[WhiteElo "2355"]
[BlackElo "2223"]
[PlyCount "158"]
[GameId "2160767911733063"]
[EventDate "2000.03.02"]
[EventType "tourn"]
[EventRounds "7"]
[EventCountry "CAN"]

1. e4 e5 2. Nf3 Nc6 3. d4 d5 4. Nxe5 dxe4 5. Nxc6 bxc6 6. Be2 Nf6 7. O-O c5 8. Be3 cxd4 9. Qxd4 Qxd4 10. Bxd4 c5 11. Bxf6 gxf6 12. Nc3 f5 13. Bb5+ Bd7 14. Bxd7+ Kxd7 15. Rad1+ Kc6 16. Nd5 Bd6 17. f3 Rae8 18. fxe4 fxe4 19. Rxf7 e3 20. c4 Be5 21. Kf1 Rhf8 22. Rf3 Rxf3+ 23. gxf3 Bxb2 24. Ke2 Bd4 25. Rd3 Rb8 26. Rb3 Re8 27. Nxe3 Re6 28. f4 Rh6 29. Nf1 Re6+ 30. Kd2 Re4 31. Rf3 Bf6 32. Ne3 Kd6 33. Kd3 Rd4+ 34. Ke2 Re4 35. Rh3 Bd4 36. Rh6+ Ke7 37. Rxh7+ Kf6 38. Rh3 Bxe3 39. Kd3 Rxf4 40. Rxe3 Rf2 41. Re2 Rf3+ 42. Ke4 Rf5 43. Rd2 Rh5 44. Rd6+ Ke7 45. Ra6 Kd7 46. Rxa7+ Kc6 47. Ra6+ Kb7 48. Ra3 Rxh2 49. Kd5 Kc7 50. Kxc5 Rh5+ 51. Kb4 Kb6 52. Rg3 Rh6 53. a4 Rf6 54. Rg8 Rh6 55. Rb8+ Kc7 56. Rb5 Rh1 57. Rg5 Kb7 58. Rg7+ Kc6 59. Rg6+ Kb7 60. Kb5 Rb1+ 61. Kc5 Ra1 62. Rg7+ Ka6 63. Rg6+ Kb7 64. Rb6+ Kc7 65. Rb4 Rh1 66. Kb5 Rh5+ 67. c5 Rh1 68. a5 Rg1 69. a6 Ra1 70. Ra4 Rb1+ 71. Kc4 Rc1+ 72. Kb5 Rb1+ 73. Ka5 Kc6 74. Ra3 Rb2 75. Ra1 Rb3 76. Ka4 Rb2 77. Ka3 Rb5 78. Rh1 Ra5+ 79. Kb4 Rxa6 1/2-1/2

[Event "Quebec-ch U18"]
[Site "Montreal CAN"]
[Date "2000.03.05"]
[Round "7"]
[White "Charbonneau, Pascal"]
[Black "Caire, Francois"]
[Result "1-0"]
[WhiteElo "2355"]
[BlackElo "1935"]
[PlyCount "63"]
[GameId "2160767911733065"]
[EventDate "2000.03.02"]
[EventType "tourn"]
[EventRounds "7"]
[EventCountry "CAN"]

1. e4 c5 2. Nf3 Nc6 3. c3 d5 4. exd5 Qxd5 5. d4 Bg4 6. Be2 e6 7. h3 Bh5 8. c4 Qd7 9. g4 Bg6 10. d5 exd5 11. cxd5 Nb4 12. Nc3 O-O-O 13. Ne5 Qd6 14. Nc4 Nc2+ 15. Qxc2 Bxc2 16. Nxd6+ Bxd6 17. Be3 Ne7 18. O-O Bg6 19. Rac1 b6 20. Rfd1 h5 21. b4 hxg4 22. bxc5 Bxc5 23. Ba6+ Kb8 24. Bxc5 bxc5 25. d6 Nc6 26. Na4 gxh3 27. Nxc5 Na5 28. Kh2 Bf5 29. Rd5 g6 30. Be2 Nc6 31. Na6+ Kb7 32. Rb5+ 1-0

[Event "Carnaval"]
[Site "Quebec CAN"]
[Date "2000.02.05"]
[Round "2"]
[White "Charbonneau, Pascal"]
[Black "Auger, Bertrand"]
[Result "1-0"]
[WhiteElo "2356"]
[BlackElo "2060"]
[PlyCount "45"]
[GameId "2160767911741441"]
[EventDate "2000.02.04"]
[EventType "swiss"]
[EventRounds "5"]
[EventCountry "CAN"]

1. e4 e6 2. d4 d5 3. Nd2 Nf6 4. e5 Nfd7 5. f4 c5 6. c3 Nc6 7. Ndf3 Qb6 8. a3 c4 9. Ne2 Be7 10. g3 Na5 11. Bh3 Nb3 12. Rb1 Nf8 13. O-O Bd7 14. Rf2 h6 15. Be3 Rg8 16. f5 exf5 17. Nd2 f4 18. Bxd7+ Nxd7 19. Nxf4 Bg5 20. Nxd5 Bxe3 21. Nxb6 Nxb6 22. Nxc4 Nxc4 23. Qxb3 1-0

[Event "Montreal-Moscow m"]
[Site "Montreal CAN"]
[Date "2000.08.01"]
[Round "1"]
[White "Grigoriants, Sergey"]
[Black "Charbonneau, Pascal"]
[Result "1/2-1/2"]
[WhiteElo "2451"]
[BlackElo "2313"]
[PlyCount "51"]
[GameId "2160767911741608"]
[EventDate "2000.??.??"]
[EventRounds "2"]
[EventCountry "CAN"]
[SourceTitle "EXT 2004"]
[Source "ChessBase"]
[SourceDate "2003.11.25"]
[SourceVersion "1"]
[SourceVersionDate "2003.11.25"]
[SourceQuality "1"]
[WhiteTeam "Moscow"]
[BlackTeam "Montreal"]
[WhiteTeamCountry "RUS"]
[BlackTeamCountry "CAN"]

1. e4 c5 2. Nf3 Nc6 3. d4 cxd4 4. Nxd4 e6 5. Nc3 Qc7 6. Be2 a6 7. O-O Nf6 8. a3 Be7 9. Be3 O-O 10. f4 d6 11. Kh1 Bd7 12. Nb3 Rfe8 13. g4 d5 14. e5 Ne4 15. Nxe4 dxe4 16. Qe1 b5 17. Qf2 Rab8 18. Nc5 Bxc5 19. Bxc5 Rbc8 20. Bd6 Qb7 21. c3 e3 22. Qg2 Na5 23. Qxb7 Nxb7 24. Rad1 Bc6+ 25. Kg1 Bd5 26. Rd3 1/2-1/2

[Event "Montreal-Moscow m"]
[Site "Montreal CAN"]
[Date "2000.08.02"]
[Round "2"]
[White "Charbonneau, Pascal"]
[Black "Grigoriants, Sergey"]
[Result "1/2-1/2"]
[WhiteElo "2313"]
[BlackElo "2451"]
[PlyCount "46"]
[GameId "2160767911741615"]
[EventDate "2000.??.??"]
[EventRounds "2"]
[EventCountry "CAN"]
[SourceTitle "EXT 2004"]
[Source "ChessBase"]
[SourceDate "2003.11.25"]
[SourceVersion "1"]
[SourceVersionDate "2003.11.25"]
[SourceQuality "1"]
[WhiteTeam "Montreal"]
[BlackTeam "Moscow"]
[WhiteTeamCountry "CAN"]
[BlackTeamCountry "RUS"]

1. e4 e5 2. Nf3 Nc6 3. d4 exd4 4. Bc4 Bc5 5. c3 Nf6 6. e5 d5 7. Bb5 Ne4 8. cxd4 Bb4+ 9. Nfd2 Bd7 10. Bxc6 Bxc6 11. O-O O-O 12. a3 Bxd2 13. Nxd2 f6 14. f3 Nxd2 15. Bxd2 fxe5 16. dxe5 Qd7 17. Bc3 Qe6 18. Bd4 b6 19. b4 Bb5 20. Rf2 Bc4 21. f4 g5 22. Qd2 g4 23. a4 Rf5 1/2-1/2

[Event "Pan-Am op"]
[Site "Toronto CAN"]
[Date "1999.12.??"]
[Round "?"]
[White "Nickoloff, Bryon"]
[Black "Charbonneau, Pascal"]
[Result "1-0"]
[WhiteElo "2513"]
[BlackElo "2355"]
[PlyCount "57"]
[GameId "2160767911741661"]
[EventDate "1999.12.26"]
[EventType "swiss"]
[EventRounds "5"]
[EventCountry "CAN"]

1. d4 d5 2. c4 dxc4 3. e3 Nf6 4. Bxc4 e6 5. Nf3 a6 6. O-O c5 7. Bd3 Nbd7 8. Qe2 b6 9. dxc5 Bxc5 10. e4 Qc7 11. e5 Nd5 12. Nbd2 Bb7 13. Nb3 Be7 14. Bd2 O-O 15. Rac1 Qb8 16. Rc4 f5 17. exf6 Rxf6 18. Ng5 g6 19. Rfc1 Nf8 20. Nd4 Bd6 21. Ndxe6 Bxh2+ 22. Kh1 Bd6 23. Rh4 Nxe6 24. Nxh7 Nef4 25. Nxf6+ Kg7 26. Bxf4 Nxf4 27. Rxf4 Qh8+ 28. Nh5+ gxh5 29. Rc7+ 1-0

[Event "Espoirs vs Montreal"]
[Site "Montreal CAN"]
[Date "1999.11.20"]
[Round "1"]
[White "Hebert, Jean"]
[Black "Charbonneau, Pascal"]
[Result "1/2-1/2"]
[WhiteElo "2456"]
[BlackElo "2347"]
[PlyCount "66"]
[GameId "2160767911741806"]
[EventDate "1999.11.20"]
[EventType "schev"]
[EventRounds "4"]
[EventCountry "CAN"]

1. e4 c5 2. Nf3 Nc6 3. d4 cxd4 4. Nxd4 e5 5. Nb5 d6 6. c4 Be7 7. N1c3 a6 8. Na3 f5 9. exf5 Bxf5 10. Bd3 Be6 11. Nc2 Nf6 12. O-O O-O 13. b3 g6 14. Be2 d5 15. cxd5 Nxd5 16. Nxd5 Bxd5 17. Bh6 Rf7 18. Be3 Bf6 19. Qd2 Be6 20. Rfd1 Rd7 21. Qe1 Nd4 22. Rac1 Bf7 23. Bg4 Rc7 24. Nxd4 Rxc1 25. Bxc1 exd4 26. Bb2 Qd6 27. Qe4 Re8 28. Qd3 Qb4 29. g3 a5 30. Qd2 Qxd2 31. Rxd2 Bd5 32. f3 h5 33. Bxd4 hxg4 1/2-1/2